000
00268 a2200109 4500
020
_a
0852974485
090
_c
192
_d
192
100
_a
Brain Coyle
245
_a
Cash collectin & transmission
260
_a
Canterbury
_b
CIB Publishing
_c
2000
942
_a
NBS
_c
BK
_k
658.15 COY
999
_c
342766
_d
342766